| 000 | 01475nam a2200409 c 4500 | ||
|---|---|---|---|
| 003 | BLK | ||
| 005 | 20200222094942.0 | ||
| 008 | 180408b bul|||||r ||||||| ||bul|| | ||
| 010 | _aKNG00069284000 | ||
| 020 |
_a954-15-0115-6 _bиздат.: Зограф |
||
| 040 | _aBLK | ||
| 041 |
_aBUL _cBUL |
||
| 080 |
_aНемска литература _b821.112.2 _x-32 _z821.112.2-32 |
||
| 080 |
_aКучета _b636.7 _x(0:82-32) _z636.7(0:82-32) |
||
| 100 | 1 |
_aРодриан, Ханелоре _eпърви автор _9292275 |
|
| 700 | 1 |
_aГеоргиева, Веселина _eпрев. от нем. _9367464 |
|
| 139 |
_aРодриан, Ханелоре _bР 75 |
||
| 245 | 1 | 0 |
_aСирашки души _bЗа кучетата и хората и за силата на любовта _cХанелоре Родриан; прев. от нем. Веселина Георгиева. |
| 257 | _aDEU | ||
| 260 |
_аВарна _bЗограф _c2005 |
||
| 300 |
_a193 с., 6 л. _bцв. ил. _c20 см |
||
| 380 | _aX | ||
| 500 | _aОриг. загл. Waisenseelen. | ||
| 650 | 4 |
_aКучета _9160024 |
|
| 651 | 4 |
_aРусе _9179462 |
|
| 651 | 4 |
_aШумен _9179809 |
|
| 651 | 4 |
_aБългария _9241624 |
|
| 653 | _aкучета | ||
| 653 | _aприюти | ||
| 653 | _aРусе | ||
| 653 | _aШумен | ||
| 852 | _aЦб 229997 | ||
| 856 | 4 |
_qpdf _u |
|
| 856 | 4 |
_qpdf _u |
|
| 942 |
_cKNG _n0 _02 |
||
| 944 |
_aCR _c09.11.2006 _lф / _kГеновева_Генчева |
||
| 944 |
_aED _c04.04.2016 _lф / _kЛюдмила_Стоянова |
||
| 999 |
_c65010 _d65010 |
||